Vestnik Moskovskogo universiteta serija 6
Saved in:
| Format: | Serial |
|---|---|
| Language: | Russian |
| Published: |
Moskva
Izdatel'stvo Moskovskogo universiteta
2001
|
| Tags: |
No Tags, Be the first to tag this record!
|
MARC
| LEADER | 00000nas2a22000001 4500 | ||
|---|---|---|---|
| 001 | 0007336 | ||
| 005 | 20160720112018.2 | ||
| 022 | |a 0130-0105 | ||
| 041 | 0 | |a rus | |
| 044 | |a RU | ||
| 245 | 1 | 0 | |a Vestnik Moskovskogo universiteta |b serija 6 |
| 264 | 1 | |a Moskva |b Izdatel'stvo Moskovskogo universiteta |c 2001 | |
| 300 | |a 1 zv. | ||
| 773 | 0 | |w eu_un_cat*s120279 | |